Flags by Letter - I - Statistics

General Stats
  • This quiz has been taken 326 times
  • The average score is 9 of 9
Answer Stats
Picture Answer % Correct
India
100%
Israel
99%
Italy
99%
Iceland
98%
Iran
98%
Iraq
98%
Ireland
97%
Indonesia
96%
Ivory Coast
90%
No matching quizzes found
Score Distribution
Percent of People with Each Score
Percentile by Number Answered
Your Score History
You have not taken this quiz